000 00716nam a2200289Ia 4500
005 20260324131849.0
008 008 260324s9999 xx 000 0 eng d
020 _a9780429135392
037 _aEBOOK
040 _aCRL
040 _beng
040 _cCRL
041 _2eng
041 _aeng
084 _qCRL
100 _aMorteza Vaghefi
_91187128
245 0 _aNucleoside Triphosphates and their Analogs
245 0 _bChemistry, Biotechnology, and Biological Applications
260 _bTaylor and Francis
260 _c2005
365 _a
365 _b420
856 _uhttp://www.taylorfrancis.com/books/9780429135392
942 _cEBOOK
999 _c1784674
_d1784674